Opera omnia
Guardat en:
| Autor principal: | |
|---|---|
| Format: | Llibre |
| Idioma: | llatí |
| Publicat: |
Hildesheim
Georg Olms
1968
|
| Matèries: | |
| Etiquetes: |
Afegir etiqueta
Sense etiquetes, Sigues el primer a etiquetar aquest registre!
|
MARC
| LEADER | 00000nam a2200000 a 4500 | ||
|---|---|---|---|
| 001 | UCZ3806 | ||
| 003 | CL-VaPUC | ||
| 008 | 951027e19680000GW |||||||||||||||||lat|d | ||
| 082 | 0 | 4 | |a 189.4 |b DUN |2 21 |
| 100 | 0 | |a Duns Escotus, John |e author |9 345667 | |
| 245 | 1 | 0 | |a Opera omnia |
| 300 | |a v | ||
| 942 | |c BK | ||
| 945 | |d 19951027 00:00:00 |a cmena | ||
| 260 | |a Hildesheim |b Georg Olms |c 1968 | ||
| 600 | 0 | |a Dios |9 314467 | |
| 650 | 0 | |a Escolasticismo |9 264998 | |
| 650 | 0 | |a Filosofía medieval |9 256245 | |
| 650 | 0 | |a Metafísica |9 265649 | |
| 650 | 0 | |a Lógica |9 256849 | |
| 650 | 0 | |a Filosofía de la naturaleza |9 265899 | |
| 650 | 7 | |a FILOSOFIA ESCOCESA |2 CL-VaPUC |9 347643 | |
| 650 | 0 | |a Cosmología |9 269138 | |
| 650 | 0 | |a Filosofía de la naturaleza |9 265899 | |
| 650 | 0 | |a Teoría del conocimiento |9 255038 | |
| 650 | 0 | |a Voluntad |9 307812 | |
| 650 | 0 | |a Libre albedrío |9 334583 | |
| 650 | 0 | |a Comportamiento moral |9 334569 | |
| 650 | 0 | |a Creencia Religiosa |9 316904 | |
| 650 | 7 | |a MATRIMONIO |2 CL-VaPUC |9 347644 | |
| 650 | 0 | |a Naturaleza humana |9 308593 | |
| 583 | |a last modification |c 19951027 00:00:00 |k Rodrigo Vera | ||
| 999 | |c 240253 |d 240251 | ||
| 952 | |0 0 |1 0 |4 0 |6 189_400000000000000_DUN_1968 |7 0 |8 P |9 252002 |a BIBEDU |b BIBEDU |d 2019-11-18 |h v.1 |i 1590383 |o 189.4 DUN 1968 |p 1590383 |r 2025-01-22 |w 2019-11-18 |y BK |k FIL | ||
| 952 | |0 0 |1 0 |4 0 |6 189_400000000000000_DUN_1968 |7 0 |8 P |9 252003 |a BIBEDU |b BIBEDU |c BIBEDU_PB |d 2019-11-18 |h v.2 p.1 |i 1590391 |l 1 |o 189.4 DUN 1968 |p 1590391 |r 2024-07-29 |s 2024-07-29 |w 2019-11-18 |y BK |k FIL | ||
| 952 | |0 0 |1 0 |4 0 |6 189_400000000000000_DUN_1968 |7 0 |8 P |9 252004 |a BIBEDU |b BIBEDU |d 2019-11-18 |h v.2 p.2 |i 1590405 |o 189.4 DUN 1968 |p 1590405 |r 2025-01-22 |w 2019-11-18 |y BK |k FIL | ||
| 952 | |0 0 |1 0 |4 0 |6 189_400000000000000_DUN_1968 |7 0 |8 P |9 252005 |a BIBEDU |b BIBEDU |c BIBEDU_PB |d 2019-11-18 |h v.3 |i 1590413 |o 189.4 DUN 1968 |p 1590413 |r 2024-01-25 |w 2019-11-18 |y BK |k FIL | ||
| 952 | |0 0 |1 0 |4 0 |6 189_400000000000000_DUN_1968 |7 0 |8 P |9 252006 |a BIBEDU |b BIBEDU |c BIBEDU_PB |d 2019-11-18 |h v.4 |i 1590421 |o 189.4 DUN 1968 |p 1590421 |r 2024-01-25 |w 2019-11-18 |y BK |k FIL | ||
| 952 | |0 0 |1 0 |4 0 |6 189_400000000000000_DUN_1968 |7 0 |8 P |9 252007 |a BIBEDU |b BIBEDU |d 2019-11-18 |h v.6 p.1 |i 159043K |o 189.4 DUN 1968 |p 159043K |r 2025-01-22 |w 2019-11-18 |y BK |k FIL | ||
| 952 | |0 0 |1 0 |4 0 |6 189_400000000000000_DUN_1968 |7 0 |8 P |9 252008 |a BIBEDU |b BIBEDU |d 2019-11-18 |h v.6 p.2 |i 1590448 |o 189.4 DUN 1968 |p 1590448 |r 2025-01-22 |w 2019-11-18 |y BK |k FIL | ||
| 952 | |0 0 |1 0 |4 0 |6 189_400000000000000_DUN_1968 |7 0 |8 P |9 252009 |a BIBEDU |b BIBEDU |c BIBEDU_PB |d 2019-11-18 |h v.7 p.1 |i 1590456 |l 1 |o 189.4 DUN 1968 |p 1590456 |r 2024-07-29 |s 2024-07-29 |w 2019-11-18 |y BK |k FIL | ||
| 952 | |0 0 |1 0 |4 0 |6 189_400000000000000_DUN_1968 |7 0 |8 P |9 252010 |a BIBEDU |b BIBEDU |d 2019-11-18 |h v.7 p.2 |i 1590464 |o 189.4 DUN 1968 |p 1590464 |r 2025-01-22 |w 2019-11-18 |y BK |k FIL | ||
| 952 | |0 0 |1 0 |4 0 |6 189_400000000000000_DUN_1968 |7 0 |8 P |9 252011 |a BIBEDU |b BIBEDU |d 2019-11-18 |h v.8 |i 1590472 |o 189.4 DUN 1968 |p 1590472 |r 2025-01-22 |w 2019-11-18 |y BK |k FIL | ||
| 952 | |0 0 |1 0 |4 0 |6 189_400000000000000_DUN_1968 |7 0 |8 P |9 252012 |a BIBEDU |b BIBEDU |d 2019-11-18 |h v.9 |i 1590480 |o 189.4 DUN 1968 |p 1590480 |r 2025-01-22 |w 2019-11-18 |y BK |k FIL | ||
| 952 | |0 0 |1 0 |4 0 |6 189_400000000000000_DUN_1968 |7 0 |8 P |9 252013 |a BIBEDU |b BIBEDU |d 2019-11-18 |h v.10 |i 1590499 |o 189.4 DUN 1968 |p 1590499 |r 2025-01-22 |w 2019-11-18 |y BK |k FIL | ||
| 952 | |0 0 |1 0 |4 0 |6 189_400000000000000_DUN_1968 |7 0 |8 P |9 252014 |a BIBEDU |b BIBEDU |d 2019-11-18 |h v.11 p.1 |i 1590502 |o 189.4 DUN 1968 |p 1590502 |r 2025-01-22 |w 2019-11-18 |y BK |k FIL | ||
| 952 | |0 0 |1 0 |4 0 |6 189_400000000000000_DUN_1968 |7 0 |8 P |9 252015 |a BIBEDU |b BIBEDU |d 2019-11-18 |h v.11 p.2 |i 1590510 |o 189.4 DUN 1968 |p 1590510 |r 2025-01-22 |w 2019-11-18 |y BK |k FIL | ||
| 952 | |0 0 |1 0 |4 0 |6 189_400000000000000_DUN_1968 |7 0 |8 P |9 252016 |a BIBEDU |b BIBEDU |d 2019-11-18 |h v.12 |i 1590529 |o 189.4 DUN 1968 |p 1590529 |r 2025-01-22 |w 2019-11-18 |y BK |k FIL | ||
| 952 | |0 0 |1 0 |4 0 |6 189_400000000000000_DUN_1968 |7 0 |8 P |9 252017 |a BIBEDU |b BIBEDU |c BIBEDU_PB |d 2019-11-18 |h v.1 |i 3362442 |l 1 |o 189.4 DUN 1968 |p 3362442 |r 2024-01-25 |s 2022-08-17 |w 2019-11-18 |y BK |k FIL | ||